1588 1182 1001 1125 1346 1817 1980 1276 1839 1452 1907 1044 1205 1665 1920 1915 1511 1744 1007 1240 1190 1333 1347 1495 1455 1500 1473 1075 1343 1916 1615 1769 1928 1639 1381 1288 1936 1743 1230 1469 1184 1047 1514 1334 1864 1118 1080 1605 1401 1944 1122 1354 1853 1341 1334 1770 1779 1175 1941 1149 1760 1283 1156 1849 1131 1339 1023 1312 1790 1961 1464 1642 1547 1536 1326 1292 1954 1927 1463 1666 1568 1848 1698 1468 1813 1612 1158 1519 1071 1193 1740 1484 1060 1802 1186 1117 1473 1346 1123 BCNSPRNW ULIB Ver.6.0+V

เปลี่ยนเป็นภาษาไทย

Change to English
 แสดงรายละเอียดบรรณานุกรม
  กลับหน้าหลัก

Brief Record : Get Marc (ISO 2709) : E-mail record : QR code < ปิดหน้าต่าง
LEADER : 00000nam 2200000uu 4500
001    13399126381
003     ULIB
008    180911s2561||||th 000 0 tha d
020    ^a9786161822392
050 04 ^aBF^bส16ค
100 0  ^aสม สุจีรา
245 10 ^aคิดแบบอัจฉริยะ /^cสม สุจีรา
250    ^aพิมพ์ครั้งที่ 2
260    ^aกรุงเทพฯ :^bอมรินทร์ธรรมะ,^c2561
300    ^a14, 171 หน้า :^bภาพประกอบ ;^c19 ซม.
650  4 ^aความคิดสร้างสรรค์
650  4 ^aความคิดและการคิด
650  4 ^aความคิดอย่างมีวิจารณญาณ
945    ^p195^l0^i004607
999    ^aวรรณษา ชูชัยมงคล
รายการนี้ยังไม่มีแท็ก
คุณยังไม่ได้ล็อกอิน คุณสามารถมีกิจกรรมร่วมกับเว็บไซต์ได้ แต่ต้องล็อกอินก่อน ::
  ล็อกอิน

รายการสื่อสารสนเทศ

ลำดับที่ ประเภท เลขเรียก/บาร์โค้ด สถานที่ สถานะ
1. การศึกษาทั่วไป
หนังสือสำรอง
สถานะ=หนังสือสำรอง
BF ส16ค ฉ.1 
  Barcode: 004607
ห้องสมุดวิทยาเขตสวรรค์ประชารักษ์
►หนังสือทั่วไป
บนชั้น

รายการใกล้เคียง
    ผู้แต่ง [สม สุจีรา]

    หัวเรื่อง [ความคิดสร้างสรรค์]
    หัวเรื่อง [ความคิดและการคิด]
    หัวเรื่อง [ความคิดอย่างมีวิจารณญาณ]

BibComment


ยังไม่เคยถูกคอมเมนท์

คอมเมนท์ทรัพยากรรายการนี้
  คอมเมนท์: คิดแบบอัจฉริยะ ..


 Copyright 2026. Bcnsprnw @Library